| 000 | 00645nam a2200229 a 4500 | ||
|---|---|---|---|
| 001 | 093744 | ||
| 003 | BD-ChCU | ||
| 005 | 20251203100843.0 | ||
| 008 | 2013s2016 anyu b 002 eng | ||
| 020 | _a978 93 80601 90 8 | ||
| 040 |
_aDLC _cDLC _dBD-ChCU |
||
| 082 | 0 | 0 | _a327.1/S719 |
| 100 | 1 | _c | |
| 245 | 0 | 0 |
_aSouth Asia 2060 : _cconvisioning regional futures. / _cAdil Najam |
| 250 | _aed | ||
| 260 |
_aNew York : _cAnthem Press _c2013 |
||
| 300 | _a324pg. | ||
| 504 | _aIncludes index(P318-324) and bibliograpy. | ||
| 650 | 0 |
_aInternational relations _cInternational relations |
|
| 700 | 1 | _aNajam, Adil | |
| 942 |
_2ddc _cBK |
||
| 999 |
_c93744 _d93744 |
||